000 00662cam a22002293a 4500
001 14531
003 PGUSA
005 20140828083318.0
008 041230s2004||||xxu|||||s|||||000 p eng d
040 _aPGUSA
_beng
042 _adc
050 4 _aPS
100 1 _aPeabody, Josephine Preston,
_d1874-1922
245 1 4 _aThe Singing Man :
_bA Book of Songs and Shadows
_h[electronic resource] /
_cJosephine Preston Peabody
260 _bProject Gutenberg,
_c2004
506 _aPublic domain in the USA.
516 _aElectronic text
653 _aPoetry
830 0 _aProject Gutenberg
_v14531
856 4 0 _uhttp://www.gutenberg.org/ebooks/14531
942 _cEB
999 _c243786
_d243786